| 000 | 00914nam a2200265 a 4500 | ||
|---|---|---|---|
| 001 | BRL_1233 | ||
| 005 | 20190320211111.0 | ||
| 008 | 031213s1969----nyuae#####---#000-0#eng-# | ||
| 041 | _aeng | ||
| 044 | _anyu | ||
| 050 | 4 |
_aN1680 _b.A964 1969 |
|
| 245 | 1 | 0 |
_aArt History Museum Vienna, Picture Gallery _cText by: Giorgio T. Faggin...[et al.] ; Design: Fiorenzo Giorgi. |
| 260 |
_aNew York _bNewsweek : Arnoldo Mondadori _c1969 |
||
| 300 |
_a171 p. _bil. (algunas a color), planos _c29 cm. |
||
| 440 | 0 |
_aGreat museums of the world _926208 |
|
| 500 | _aAu1429 | ||
| 500 | _aIncluye índice de nombres e ilustraciones | ||
| 504 | _aBibliografía: p. 168 | ||
| 610 | 2 | 4 |
_aKunsthistorisches Museum Wien _bGemäldegalerie _vCatálogos _926209 |
| 650 | 1 | 4 |
_aMuseos de arte _vCatálogos _zViena _926210 |
| 700 | 1 |
_aFaggin, Giorgio T. _98262 |
|
| 700 | 1 |
_aGiorgio, Fiorenzo _926211 |
|
| 902 | _aGRL | ||
| 942 |
_2lcc _cB |
||
| 999 |
_c10045 _d10045 |
||